Encyclopaedia of environmental pollution, Vol. : 1-10 / (Record no. 1096)

MARC details
000 -LEADER
fixed length control field 00694nam a2200217 a 4500
003 - CONTROL NUMBER IDENTIFIER
control field BD-DhJNU
005 - DATE AND TIME OF LATEST TRANSACTION
control field 20250116042308.0
008 - FIXED-LENGTH DATA ELEMENTS--GENERAL INFORMATION
fixed length control field 250114s2009 bg a rb f100 0 eng
020 ## - INTERNATIONAL STANDARD BOOK NUMBER
International Standard Book Number 9788183421867
040 ## - CATALOGING SOURCE
Original cataloging agency BD-DhJNU
Language of cataloging ENG
Transcribing agency BD-DhJNU
Modifying agency BD-DhJNU
082 00 - DEWEY DECIMAL CLASSIFICATION NUMBER
Classification number 363.7 PRE
Edition number 23
100 1# - MAIN ENTRY--PERSONAL NAME
Personal name Prasad, P. N.
245 10 - TITLE STATEMENT
Title Encyclopaedia of environmental pollution, Vol. : 1-10 /
Statement of responsibility, etc. P. N. Prasad and T. R. Amarnath
260 ## - PUBLICATION, DISTRIBUTION, ETC.
Place of publication, distribution, etc. New Delhi :
Name of publisher, distributor, etc. Crescent Publishing Corporation,
Date of publication, distribution, etc. 2009.
300 ## - PHYSICAL DESCRIPTION
Extent v, 276 p. :
Other physical details ill. ;
Dimensions 23 cm.
490 ## - SERIES STATEMENT
Volume/sequential designation Vol. : 1-10
504 ## - BIBLIOGRAPHY, ETC. NOTE
Bibliography, etc. note Includes bibliographical references and index.
650 #0 - SUBJECT ADDED ENTRY--TOPICAL TERM
Topical term or geographic name entry element Pollution
650 #0 - SUBJECT ADDED ENTRY--TOPICAL TERM
Topical term or geographic name entry element Encyclopedias
700 1# - ADDED ENTRY--PERSONAL NAME
Personal name Amarnath, T. R.
Holdings
Withdrawn status Lost status Source of classification or shelving scheme Damaged status Not for loan Collection Home library Current library Shelving location Date acquired Source of acquisition Total checkouts Full call number Barcode Date last seen Copy number Price effective from Koha item type
    Dewey Decimal Classification     Reference Jagannath University Central Library Jagannath University Central Library Reference 01/16/2025 Donation   363.7 PRE JNUCL20633R 01/16/2025 1 01/16/2025 Reference
    Dewey Decimal Classification     Reference Jagannath University Central Library Jagannath University Central Library Reference 01/16/2025 Donation   363.7 PRE JNUCL20634R 01/16/2025 2 01/16/2025 Reference
    Dewey Decimal Classification     Reference Jagannath University Central Library Jagannath University Central Library Reference 01/16/2025 Donation   363.7 PRE JNUCL20635R 01/16/2025 3 01/16/2025 Reference
    Dewey Decimal Classification     Reference Jagannath University Central Library Jagannath University Central Library Reference 01/16/2025 Donation   363.7 PRE JNUCL20636R 01/16/2025 4 01/16/2025 Reference
    Dewey Decimal Classification     Reference Jagannath University Central Library Jagannath University Central Library Reference 01/16/2025 Donation   363.7 PRE JNUCL20637R 01/16/2025 5 01/16/2025 Reference
    Dewey Decimal Classification     Reference Jagannath University Central Library Jagannath University Central Library Reference 01/16/2025 Donation   363.7 PRE JNUCL20638R 01/16/2025 6 01/16/2025 Reference
    Dewey Decimal Classification     Reference Jagannath University Central Library Jagannath University Central Library Reference 01/16/2025 Donation   363.7 PRE JNUCL20639R 01/16/2025 7 01/16/2025 Reference
    Dewey Decimal Classification     Reference Jagannath University Central Library Jagannath University Central Library Reference 01/16/2025 Donation   363.7 PRE JNUCL20640R 01/16/2025 8 01/16/2025 Reference
    Dewey Decimal Classification     Reference Jagannath University Central Library Jagannath University Central Library Reference 01/16/2025 Donation   363.7 PRE JNUCL20641R 01/16/2025 9 01/16/2025 Reference
    Dewey Decimal Classification     Reference Jagannath University Central Library Jagannath University Central Library Reference 01/16/2025 Donation   363.7 PRE JNUCL20642R 01/16/2025 10 01/16/2025 Reference